| 000 | 00424nam a22001817a 4500 | ||
|---|---|---|---|
| 003 | MPLRDC | ||
| 005 | 20220104165639.0 | ||
| 008 | 210129b ||||| |||| 00| 0 eng d | ||
| 020 | _a0-7627-2576-1 | ||
| 082 | _a992.77 HOR | ||
| 100 | _aERIC J. HORST | ||
| 245 |
_aHOW TO CLIMB 5.12 _c |
||
| 250 | _a2ND ED. | ||
| 260 |
_aU.S.A. _bFALCON GUIDE _c2003 |
||
| 300 | _b179 | ||
| 650 | _aCLIMBING | ||
| 942 |
_cBK _o992.77 HOR |
||
| 999 |
_c57547 _d57537 |
||